[Event "Challenge"]
[Site "http://www.queenalice.com/game.php?id=1224444"]
[Date "2013.10.13"]
[Round "-"]
[White "polyhedron2"]
[Black "koutouzov"]
[Result "1-0"]
[WhiteElo "1844"]
[BlackElo "1867"]

1. e4 e5 2. Nf3 Nc6 3. d4 exd4 4. Nxd4 Bc5 5. c3 Nf6 6. Nxc6 bxc6 7. Bg5 O-O 8.
Bd3 Be7 9. O-O h6 10. Be3 Re8 11. e5 Nd5 12. Re1 Nxe3 13. Rxe3 Bb7 14. Qg4 Bc5
15. Rg3 g5 16. Qf5 Kf8 17. Qh7 Rxe5 18. Qh8+ Ke7 19. Qxe5+ Kf8 20. Qxc5+ Kg8 21.
Nd2 d6 22. Qf5 Kf8 23. Re1 Bc8 24. Qh7 Qf6 25. Rf3 1-0

[Event "Challenge"]
[Site "http://www.queenalice.com/game.php?id=1224552"]
[Date "2013.10.14"]
[Round "-"]
[White "koutouzov"]
[Black "PopowskiF"]
[Result "0-1"]
[WhiteElo "2008"]
[BlackElo "1889"]

1. Nf3 c5 2. g3 Nf6 3. Bg2 g6 4. O-O Bg7 5. d3 O-O 6. e4 Nc6 7. Be3 b6 8. Qe2
Bb7 9. Nc3 Ng4 10. Bd2 Nge5 11. Nxe5 Bxe5 12. Rac1 Nd4 13. Qg4 Bg7 14. h4 f5 15.
Qh3 fxe4 16. dxe4 e6 17. f4 b5 18. e5 Qb6 19. Bxb7 Qxb7 20. Qg2 Qb6 21. Be3 d5
22. Ne2 Nxe2+ 23. Qxe2 a5 24. h5 d4 25. Bf2 Rad8 26. hxg6 hxg6 27. Qg4 Kf7 28.
Kg2 Qc6+ 29. Qf3 Qxf3+ 30. Kxf3 g5 31. Rh1 Kg6 32. Rh3 Bxe5 33. Re1 Bf6 34. Rxe6
Kf5 35. Rc6 g4+ 0-1

[Event "Challenge"]
[Site "http://www.queenalice.com/game.php?id=1224554"]
[Date "2013.10.14"]
[Round "-"]
[White "koutouzov"]
[Black "serrameira"]
[Result "0-1"]
[WhiteElo "1962"]
[BlackElo "1985"]

1. Nf3 Nc6 2. g3 d5 3. d4 e6 4. Bg2 Nf6 5. O-O Be7 6. Bf4 O-O 7. Nc3 a6 8. a3
Nh5 9. Qd2 Nxf4 10. Qxf4 Bd6 11. Qd2 Ne7 12. Rfe1 c6 13. b4 b5 14. e4 dxe4 15.
Nxe4 Bc7 16. Rad1 Rb8 17. Qd3 Bb7 18. Neg5 Ng6 19. Re2 Qe7 20. Rde1 Bc8 21. c4
bxc4 22. Qxc4 Bd7 23. Ne5 Nxe5 24. Nxh7 Nxc4 0-1

[Event "Challenge"]
[Site "http://www.queenalice.com/game.php?id=1224967"]
[Date "2013.10.16"]
[Round "-"]
[White "koutouzov"]
[Black "pomar"]
[Result "0-1"]
[WhiteElo "1849"]
[BlackElo "2066"]

1. Nf3 d5 2. g3 c5 3. Bg2 Nc6 4. O-O e5 5. d3 f5 6. Bg5 Nf6 7. Nbd2 h6 8. Bxf6
Qxf6 9. c4 e4 10. dxe4 dxe4 11. Ne1 Qxb2 12. Qc2 Qd4 13. e3 Qe5 14. a3 Bd6 15.
Rb1 h5 16. Qb2 Qe7 17. f4 h4 18. g4 fxg4 19. Nxe4 g3 20. Nxd6+ Qxd6 21. Qxg7
gxh2+ 22. Kxh2 Rh6 23. Bxc6+ Qxc6 24. Rg1 Qe6 25. Qg8+ Qxg8 26. Rxg8+ Kf7 27.
Rd8 b6 28. Rbd1 Re6 29. Nc2 Bb7 30. R1d7+ Re7 31. Rxe7+ Kxe7 32. Rxa8 Bxa8 33.
Kh3 Be4 34. Ne1 Bf5+ 35. Kxh4 Be6 36. Kg5 Bxc4 37. e4 b5 38. f5 b4 39. axb4 cxb4
40. Nc2 b3 41. Na3 b2 42. Kg6 Kf8 0-1

[Event "Challenge"]
[Site "http://www.queenalice.com/game.php?id=1224986"]
[Date "2013.10.16"]
[Round "-"]
[White "koutouzov"]
[Black "carito30236"]
[Result "0-1"]
[WhiteElo "1825"]
[BlackElo "1782"]

1. Nf3 d5 2. g3 Bg4 3. Bg2 Bxf3 4. Bxf3 e5 5. O-O Nf6 6. Bg2 h5 7. d3 Nc6 8. Bg5
Ne7 9. Nc3 c6 10. Bxf6 gxf6 11. Qd2 h4 12. a3 Bh6 13. e3 f5 0-1

[Event "Challenge"]
[Site "http://www.queenalice.com/game.php?id=1225267"]
[Date "2013.10.17"]
[Round "-"]
[White "koutouzov"]
[Black "tewald"]
[Result "1-0"]
[WhiteElo "1953"]
[BlackElo "1945"]

1. Nf3 Nf6 2. g3 g6 3. Bg2 Bg7 4. O-O O-O 5. d3 c5 6. e4 d6 7. Nc3 Nc6 8. Ne2 e5
9. c3 Bd7 10. Bd2 b5 11. b4 a5 12. bxc5 dxc5 13. Qc2 Qe7 14. Rab1 b4 15. c4 a4
16. Qc1 Rfb8 17. Bh6 Ng4 18. Bxg7 Kxg7 19. h3 Nh6 20. Nd2 Be6 21. Nf3 f6 22. g4
Qd7 23. g5 fxg5 24. Nxg5 Nd4 25. Nxd4 exd4 26. e5 Ra6 27. Nxe6+ Rxe6 28. f4 Nf5
29. Be4 Ng3 30. Re1 Nxe4 31. Rxe4 Rf8 32. Qd2 Qe7 33. Qf2 g5 34. Kh1 gxf4 35.
Rg1+ Rg6 36. Rf1 Qg5 37. e6 Qe7 38. Rxf4 Rxf4 39. Qxf4 Qxe6 40. Qf8# 1-0

[Event "Challenge"]
[Site "http://www.queenalice.com/game.php?id=1225339"]
[Date "2013.10.17"]
[Round "-"]
[White "charles31"]
[Black "koutouzov"]
[Result "0-1"]
[WhiteElo "1707"]
[BlackElo "1816"]

1. e4 g6 2. d4 Bg7 3. e5 e6 4. Nf3 h6 5. Nc3 b6 6. b3 Bb7 7. Be2 Ne7 8. Ba3 O-O
9. Bd3 a6 10. g4 Re8 11. Qd2 Nd5 12. Nxd5 Bxd5 13. Qe3 Bxf3 14. Qxf3 Nc6 15. Qe4
Qh4 16. h3 b5 17. b4 Rab8 18. d5 Nxe5 19. Qe2 Nxd3+ 20. Kd2 Nxf2 0-1

[Event "Challenge"]
[Site "http://www.queenalice.com/game.php?id=1225535"]
[Date "2013.10.18"]
[Round "-"]
[White "koutouzov"]
[Black "RobertD"]
[Result "1-0"]
[WhiteElo "1846"]
[BlackElo "1967"]

1. Nf3 c5 2. g3 d5 3. Bg2 Nc6 4. O-O Nf6 5. d4 e6 6. Bf4 Be7 7. c3 c4 8. b3 b5
9. b4 Bb7 10. a4 a6 11. a5 h6 12. Ne5 O-O 13. Qd2 Nh7 14. Ng4 Bg5 15. e4 f5 16.
exf5 Rxf5 17. Bxg5 Nxg5 18. h4 Nf3+ 19. Bxf3 Rxf3 20. Na3 Qd6 21. Nc2 Rd3 22.
Qe1 Rf8 23. Rd1 Rdf3 24. Nce3 e5 25. Nxe5 Nxe5 26. dxe5 Qxe5 27. Qe2 Qh5 28. Qd2
Rd8 29. Qd4 Qf7 30. Qg4 Bc8 31. Qd4 Bh3 32. Ng2 Be6 33. Qb6 Bc8 34. Qxd8+ 1-0

[Event "Challenge"]
[Site "http://www.queenalice.com/game.php?id=1225536"]
[Date "2013.10.18"]
[Round "-"]
[White "koutouzov"]
[Black "chuckvondra"]
[Result "0-1"]
[WhiteElo "1908"]
[BlackElo "2070"]

1. Nf3 Nf6 2. g3 e5 3. Nxe5 Bc5 4. d3 O-O 5. Bg2 d6 6. Nf3 c6 7. O-O Nbd7 8. Nc3
h6 9. e4 Re8 10. Re1 a6 11. Be3 Bb4 12. a3 Bxc3 13. bxc3 Nb6 14. a4 a5 15. Qb1
Nbd7 16. Qb3 Rb8 17. Bf4 Nc5 18. Qa3 Ng4 19. e5 Ne6 20. exd6 Nxf4 21. Rxe8+ Qxe8
22. gxf4 Qe2 23. Qc5 b6 24. Qxc6 Qxf2+ 25. Kh1 Bb7 26. Qc7 Bxf3 0-1

[Event "Challenge"]
[Site "http://www.queenalice.com/game.php?id=1225537"]
[Date "2013.10.18"]
[Round "-"]
[White "chuckvondra"]
[Black "koutouzov"]
[Result "1-0"]
[WhiteElo "2080"]
[BlackElo "1886"]

1. e4 g6 2. d4 Bg7 3. Nf3 d6 4. Bc4 Nf6 5. Nc3 O-O 6. O-O b6 7. Re1 Bb7 8. Bg5
c6 9. d5 Qc7 10. Qd2 Ng4 11. h3 Ne5 12. Be2 Ba6 13. Nxe5 Bxe5 14. Bxa6 Nxa6 15.
dxc6 e6 16. Rad1 Qxc6 17. Qd3 Nc5 18. Qf3 Bg7 19. Be7 1-0

[Event "Challenge"]
[Site "http://www.queenalice.com/game.php?id=1225833"]
[Date "2013.10.19"]
[Round "-"]
[White "koutouzov"]
[Black "danthebugman"]
[Result "1-0"]
[WhiteElo "1813"]
[BlackElo "2191"]

1. Nf3 g6 2. g3 Bg7 3. Bg2 c5 4. O-O Nc6 5. c3 f5 6. e3 Nf6 7. d3 d5 8. Qe2 e5
9. Ne1 O-O 10. a3 Be6 11. b3 e4 12. d4 cxd4 13. cxd4 Na5 14. Qb5 Bd7 15. Qb4 Qb6
16. Qxb6 axb6 17. Nd2 Bb5 18. a4 Bxf1 19. Bxf1 Rfc8 20. Ba3 1-0

[Event "Challenge"]
[Site "http://www.queenalice.com/game.php?id=1225999"]
[Date "2013.10.20"]
[Round "-"]
[White "Andrez"]
[Black "koutouzov"]
[Result "1-0"]
[WhiteElo "2031"]
[BlackElo "1824"]

1. g4 d5 2. g5 e5 3. d3 Nc6 4. h4 g6 5. Bg2 Nge7 6. Nc3 Bg7 7. f4 Be6 8. e4 d4
9. Nce2 O-O 10. Nf3 b5 11. Ng3 a5 12. h5 Bg4 13. Bh3 Bc8 14. f5 gxf5 15. exf5
Nd5 16. f6 Bh8 17. Nh4 Bxh3 18. Rxh3 Nf4 19. Ngf5 b4 20. Nh6# 1-0

[Event "Challenge"]
[Site "http://www.queenalice.com/game.php?id=1226000"]
[Date "2013.10.20"]
[Round "-"]
[White "Petruzza"]
[Black "koutouzov"]
[Result "0-1"]
[WhiteElo "1818"]
[BlackElo "1990"]

1. e4 g6 2. h4 e5 3. h5 d5 4. hxg6 fxg6 5. exd5 Qxd5 6. Nc3 Qf7 7. Nb5 a6 8. Qe2
axb5 9. Qxe5+ Qe7 10. Bxb5+ c6 11. Qxe7+ Nxe7 12. Bc4 Bg7 13. d3 Nd5 14. Bxd5
cxd5 15. Nf3 O-O 16. Bh6 Bxh6 17. Rxh6 Rf5 18. O-O-O Rh5 19. Rxh5 gxh5 20. a3
Bg4 21. Rh1 Bxf3 22. gxf3 Nd7 23. Rxh5 Nf6 24. Rg5+ Kf7 25. f4 h5 26. Kd1 h4 27.
Ke1 h3 28. Rg1 Rh8 29. Rh1 h2 30. Ke2 Ke6 31. b4 Kf5 32. Kf3 Ng4 33. Kg3 Rc8 34.
f3 Ne3 35. c4 dxc4 36. dxc4 Rxc4 37. Kxh2 Kxf4 38. Rb1 Kxf3 39. b5 b6 40. Ra1
Rh4+ 41. Kg1 Rg4+ 42. Kh1 Rg2 43. a4 Rg5 44. Rc1 Kf2 45. Rc5 Rxc5 46. a5 Rh5#
0-1

[Event "Challenge"]
[Site "http://www.queenalice.com/game.php?id=1226057"]
[Date "2013.10.20"]
[Round "-"]
[White "koutouzov"]
[Black "Diadoco"]
[Result "0-1"]
[WhiteElo "1828"]
[BlackElo "2143"]

1. Nf3 Nf6 2. g3 g6 3. Bg2 Bg7 4. O-O O-O 5. d3 d5 6. b3 c5 7. Bb2 Nc6 8. e3 Qc7
9. Re1 e5 10. c4 d4 11. e4 Be6 12. Na3 h6 13. Nc2 Rab8 14. a3 b5 15. Qd2 bxc4
16. dxc4 Rxb3 17. Rab1 Bxc4 18. Bf1 Bxf1 19. Kxf1 Rfb8 0-1

[Event "Challenge"]
[Site "http://www.queenalice.com/game.php?id=1226058"]
[Date "2013.10.20"]
[Round "-"]
[White "koutouzov"]
[Black "vichid"]
[Result "0-1"]
[WhiteElo "1824"]
[BlackElo "2030"]

1. Nf3 d5 2. d4 h6 3. g3 Nf6 4. Bg2 Nc6 5. b3 Bf5 6. Ba3 b5 7. c3 a5 8. Bb2 e6
9. O-O Bd6 10. Nbd2 O-O 11. Nh4 Bh7 12. c4 bxc4 13. bxc4 Be7 14. c5 Rb8 15. Ba3
Nxd4 16. Ndf3 Nc2 17. Rc1 Nxa3 18. Ne5 Qe8 19. c6 Nc4 20. Nxc4 dxc4 21. Rxc4 Rb6
22. Qa4 Rb4 23. Rxb4 axb4 24. Rd1 Nd5 25. Qb3 Qxc6 26. Bxd5 exd5 27. Nf3 Rd8 28.
Rd2 Qd6 29. Nd4 c5 30. Nb5 Qb8 31. Qa4 Bf5 32. Na7 Qa8 0-1

[Event "Challenge"]
[Site "http://www.queenalice.com/game.php?id=1226059"]
[Date "2013.10.20"]
[Round "-"]
[White "Lintz"]
[Black "koutouzov"]
[Result "0-1"]
[WhiteElo "1835"]
[BlackElo "1894"]

1. e4 g6 2. d4 Bg7 3. Nf3 d6 4. Be2 e6 5. c4 Ne7 6. Nc3 O-O 7. O-O a6 8. a4 b6
9. Qc2 Bb7 10. b3 Nd7 11. Bd3 Nc8 12. Bb2 Na7 13. Ne2 c5 14. d5 e5 15. h3 Qe7
16. Nh2 Nf6 17. f4 Nd7 18. f5 Nf6 19. fxg6 fxg6 20. Nc3 Nh5 21. Rae1 Nf4 22. Ne2
Qg5 23. Rf3 Qxg2# 0-1

[Event "Challenge"]
[Site "http://www.queenalice.com/game.php?id=1226550"]
[Date "2013.10.23"]
[Round "-"]
[White "koutouzov"]
[Black "Petruzza"]
[Result "1-0"]
[WhiteElo "1999"]
[BlackElo "1827"]

1. Nf3 e6 2. g3 g5 3. d4 g4 4. Nh4 Bh6 5. Ng2 Nf6 6. Bxh6 Ne4 7. Be3 h5 8. Nd2
d5 9. Nxe4 dxe4 10. Qd2 a5 11. Nf4 b5 12. h3 e5 13. dxe5 h4 14. Qxd8+ Kxd8 15.
O-O-O+ Bd7 16. hxg4 Kc8 17. f3 Nc6 18. gxh4 Nxe5 19. Bg2 c6 20. Bd4 Re8 21. Bxe5
Rxe5 22. h5 e3 23. Rd6 f5 24. g5 a4 25. h6 b4 26. Rhd1 Ra7 27. h7 Re8 28. Ng6 b3
29. a3 Be6 30. Rd8+ Rxd8 31. Rxd8+ Kxd8 32. h8=Q+ Kc7 33. Qe5+ Kb6 34. Qxe3+ Kb5
35. Qxe6 f4 36. Nxf4 c5 37. Nd5 Ra6 38. Nc3+ Ka5 39. Qc4 bxc2 40. Qb5# 1-0

[Event "Challenge"]
[Site "http://www.queenalice.com/game.php?id=1226553"]
[Date "2013.10.23"]
[Round "-"]
[White "holandes"]
[Black "koutouzov"]
[Result "1-0"]
[WhiteElo "1882"]
[BlackElo "1842"]

1. e4 g6 2. d4 Bg7 3. Bc4 d6 4. Qf3 e6 5. Nh3 Ne7 6. Ng5 O-O 7. Nc3 h6 8. h4
hxg5 9. hxg5 e5 10. Qg3 Re8 11. Qh4 1-0

[Event "Challenge"]
[Site "http://www.queenalice.com/game.php?id=1226554"]
[Date "2013.10.23"]
[Round "-"]
[White "koutouzov"]
[Black "holandes"]
[Result "0-1"]
[WhiteElo "1837"]
[BlackElo "1897"]

1. Nf3 d5 2. g3 c5 3. Bg2 Nc6 4. O-O e5 5. d3 Nf6 6. c3 Bd6 7. Bd2 O-O 8. Qc2 h6
9. Na3 Re8 10. e4 d4 11. c4 a6 12. Qb3 Rb8 13. Nc2 Be6 14. Nh4 b5 15. Ne1 bxc4
16. Qa4 Qb6 17. Rb1 c3 18. Bc1 Nb4 19. a3 Bd7 20. Qd1 Na2 0-1

[Event "Challenge"]
[Site "http://www.queenalice.com/game.php?id=1227283"]
[Date "2013.10.25"]
[Round "-"]
[White "koutouzov"]
[Black "shogun"]
[Result "1-0"]
[WhiteElo "1787"]
[BlackElo "2501"]

1. Nf3 Nc6 2. g3 e5 3. e4 Bc5 4. Bg2 d6 5. O-O Nf6 6. d3 O-O 7. Qe2 Bg4 8. Bd2
Nd4 9. Qd1 Nxe4 10. dxe4 Qf6 11. Bg5 Nxf3+ 12. Bxf3 Qxf3 13. Qxf3 Bxf3 14. Nd2
1-0

[Event "Challenge"]
[Site "http://www.queenalice.com/game.php?id=1228110"]
[Date "2013.10.29"]
[Round "-"]
[White "koutouzov"]
[Black "PopowskiF"]
[Result "0-1"]
[WhiteElo "2008"]
[BlackElo "1950"]

1. g3 d5 2. Bg2 e5 3. d3 Nf6 4. Nf3 Nc6 5. O-O Bd6 6. c4 dxc4 7. dxc4 Be6 8. b3
e4 9. Ne1 Be5 10. Nc2 Qxd1 11. Rxd1 Nb4 12. Nd4 Bxd4 0-1

[Event "Challenge"]
[Site "http://www.queenalice.com/game.php?id=1228111"]
[Date "2013.10.29"]
[Round "-"]
[White "PopowskiF"]
[Black "koutouzov"]
[Result "1-0"]
[WhiteElo "1976"]
[BlackElo "2008"]

1. e4 g6 2. d4 Bg7 3. f4 e6 4. Nc3 c6 5. Nf3 Nf6 6. Bd3 O-O 7. O-O d5 8. Kh1
dxe4 9. Nxe4 Nxe4 10. Bxe4 Qb6 11. c3 Rd8 12. Qe2 c5 13. Be3 Nd7 14. Rfd1 cxd4
15. Nxd4 Qd6 16. Nf5 Qf8 17. Nxg7 Qxg7 18. Qf3 Nb6 19. Rxd8+ 1-0

[Event "Challenge"]
[Site "http://www.queenalice.com/game.php?id=1228384"]
[Date "2013.10.30"]
[Round "-"]
[White "koutouzov"]
[Black "PopowskiF"]
[Result "0-1"]
[WhiteElo "1991"]
[BlackElo "1999"]

1. Nf3 c5 2. g3 Nf6 3. Bg2 Nc6 4. O-O g6 5. d3 Bg7 6. Nc3 O-O 7. e4 d6 8. Qe2
Rb8 9. a3 Bd7 10. b3 Nxe4 11. Qxe4 Bxc3 12. Rb1 Bg7 13. b4 Qc8 14. bxc5 f5 15.
Qe2 dxc5 16. Bf4 e5 17. Nxe5 Nxe5 18. Bd5+ Be6 19. Bxe5 Bxd5 20. Bxg7 Re8 21.
Be5 f4 22. gxf4 Qf5 23. Qd2 Qg4# 0-1

[Event "Challenge"]
[Site "http://www.queenalice.com/game.php?id=1228417"]
[Date "2013.10.30"]
[Round "-"]
[White "koutouzov"]
[Black "Petruzza"]
[Result "1/2-1/2"]
[WhiteElo "1816"]
[BlackElo "1794"]

1. Nf3 e6 2. g3 c6 3. Bg2 g5 4. O-O g4 5. Ne1 h5 6. d4 h4 7. Nc3 f5 8. Bf4 h3 9.
Bh1 Nf6 10. Nd3 d6 11. e4 Nxe4 12. Nxe4 fxe4 13. Bxe4 Rg8 14. Bh1 Bg7 15. c3 a5
16. Qd2 Nd7 17. Bxd6 Nb6 18. Bf4 Nc4 19. Qc2 b5 20. Bxc6+ Bd7 21. Bxd7+ Qxd7 22.
Nc5 Qd5 23. Qe4 O-O-O 24. Qxe6+ Qxe6 25. Nxe6 Rde8 26. Nxg7 Rxg7 27. b3 Na3 28.
Rae1 Rge7 29. Rxe7 Rxe7 30. Bd6 Re2 31. Bxa3 Rxa2 32. Bd6 Rb2 33. b4 a4 34. Be5
a3 35. c4 bxc4 36. d5 Rxb4 37. d6 Kd7 38. Rd1 a2 39. Rf1 Rb5 40. Re1 Rb1 41. Kf1
Rxe1+ 42. Kxe1 Ke6 43. Bc3 Kxd6 44. Ke2 Ke6 45. Ke3 Kf5 46. Kd4 Ke6 47. Kxc4 Kd6
48. Kb3 Kd5 49. Kc2 Ke4 50. Kd1 Kf3 51. Ke1 Kg2 52. Be5 Kxh2 53. Kf1 Kh1 54. f4
gxf3 55. g4 h2 56. Kf2 a1=Q 57. Bxa1 1/2-1/2